Word Ladder: Shades of Gray Quiz Stats

 Plays Quiz Updated Jun 7, 2018

Score 0/26 Timer 03:00
0 Plays Today
Hint 4 Letter Word % Correct
Robert Downey Jr superhero: ____ Man• IRON •
97.1%
Large Middle Eastern countryIRAN
95.6%
Breakfast, lunch or dinner for exampleMEAL
94.3%
Common toy for children, e.g. BarbieDOLL
94.2%
Bird depicted with an olive branch as a peace symbol• DOVE •
92.5%
Place to find coal or diamondsMINE
91.1%
American computer technology companyDELL
90.7%
Stephen King novel: 'The Green ____'MILE
90.1%
Go from one place to anotherMOVE
89.5%
Pb on the periodic table• LEAD •
89.4%
Small burrowing mammalMOLE
89.4%
To receive government benefits: On the ____DOLE
88.2%
Alcohol made by fermenting honey with waterMEAD
87.8%
Hint 4 Letter Word % Correct
Rowan Atkinson character: Mr. ____BEAN
87.7%
Move into or be in a sloping positionLEAN
87.2%
Luke Skywalker and Joker actor: ____ HamillMARK
85.4%
Carnivorous mammal often kept for fur• MINK •
84.6%
Hand over or give something in exchange for moneySELL
83.5%
Fourth child of Eddard and Catelyn StarkBRAN
83.2%
Male member of a monastic order MONK
82.8%
TV show: ____ & MindyMORK
82.6%
English singer Henry Olusegun Adeola Samuel• SEAL •
81.2%
A place for selling and shoppingMART
77%
Vehicle typically used for carrying loadsCART
73.2%
Father of modern taxonomy: ____ LinnaeusCARL
65%
Higher than a Baron, lower than a Duke• EARL •
64.4%

Today's Daily Dose

Word Ladder
Lean on Me

Get the Picture
Superhero by Villain

You're not logged in!

Compare scores with friends on all Sporcle quizzes.
OR
Log In

Sporcle TV

Today on Sporcle TV


Watch our educational content, quiz creation guides, and fun videos on Sporcle TV.

Show Comments

Extras

Top Quizzes Today


Score Distribution

Your Account Isn't Verified!

In order to create a playlist on Sporcle, you need to verify the email address you used during registration. Go to your Sporcle Settings to finish the process.

Report this User

Report this user for behavior that violates our Community Guidelines.

Details: